000 00642nam a2200217Ia 4500
005 20250508165926.0
008 008 250505s9999 xx 000 0 eng d
037 _aTextBook
040 _aFEDL
_beng
_cFEDL
041 _aeng
_2eng
084 _a371.102, POL/R
_qFEDL
100 _aPollard Andrew
245 0 _aReflective teaching: Evidence- informed professional practice
250 _a2
260 _aLondon, UK
_bContinuum
_c2006
300 _axxix,503p.
365 _aINR
_b695
546 _aGifted by Namita Ranganthan in memory of Prof. Arvind Gaysu
942 _cTB
_h371.102, POL/R
999 _c1398226
_d1398226